000 01458cam a22003137a 4500
008 130617s2012 gw a b 001 0 eng d
020 _a9783527330164 (cased)
020 _a352733016X (cased)
050 0 0 _aTA418.9.T45
_b.O953 2012
050 1 4 _aQC176.83
_b.O95 2012
082 0 4 _a621.38152
245 0 0 _aOxide ultrathin films :
_bscience and technology /
_cedited by Gianfranco Pacchioni and Sergio Valeri.
260 _aGermany
_bWiley-Vch
_c2012
300 _axvi, 352 pages :
_billustrations (some color) ;
520 _a"A wealth of information in one accessible book. Written by international experts from multidisciplinary fields, this in-depth exploration of oxide ultrathin films covers all aspects of these systems, starting with preparation and characterization, and going on to geometrical and electronic structure, as well as applications in current and future systems and devices."--
650 0 _aThin films.
_vOxides.
650 0 _aOxides.
650 7 _aOxides.
650 7 _aThin films.
650 0 7 _aDünne Schicht.
650 0 7 _aMetalloxide.
650 0 7 _aDünne Schicht.
650 0 7 _aMetalloxide.
700 1 _aPacchioni, G.
700 1 _aValeri, Sergio.
856 4 1 _uhttp://bvbr.bib-bvb.de:8991/F?func=service&doc_library=BVB01&doc_number=024745003&line_number=0001&func_code=DB_RECORDS&service_type=MEDIA
856 4 2 _uhttp://deposit.d-nb.de/cgi-bin/dokserv?id=3830301&prov=M&dok_var=1&dok_ext=htm
942 _cBK
999 _c3550
_d3550